The Handbook of Spain... and Guide to Spain, her Islands, Colonies and Overseas Possessions / (Record no. 142104)

MARC details
000 -LEADER
campo de control de longitud fija 00819nam a2200217 i 4500
001 - NÚMERO DE CONTROL
campo de control 142104
003 - IDENTIFICADOR DE NÚMERO DE CONTROL
campo de control ES-MaACL
005 - FECHA Y HORA DE LA ÚLTIMA TRANSACCIÓN
campo de control 20230906200439.0
007 - CAMPO FIJO DE DESCRIPCIÓN FÍSICA--INFORMACIÓN GENERAL
campo de control de longitud fija t|
008 - DATOS DE LONGITUD FIJA--INFORMACIÓN GENERAL
campo de control de longitud fija 071002s1947 sp ||||1| eng d
100 1# - ENTRADA PRINCIPAL--NOMBRE DE PERSONA
Nombre de persona Williamson, H.
9 (RLIN) 116969
245 14 - MENCIÓN DEL TÍTULO
Título The Handbook of Spain... and Guide to Spain, her Islands, Colonies and Overseas Possessions /
Mención de responsabilidad, etc. compiled and edited by: H. Williamson, in collaboration with official centres...
260 ## - PUBLICACIÓN, DISTRIBUCIÓN, ETC.
Lugar de publicación, distribución, etc. Madrid :
Nombre del editor, distribuidor, etc. The Times of Spain,
Fecha de publicación, distribución, etc. [1947]
300 ## - DESCRIPCIÓN FÍSICA
Extensión 1048 p., 1 h. map. pleg :
Otras características físicas il. ;
Dimensiones 18 cm.
490 1# - MENCIÓN DE SERIE
Mención de serie Iberian handbooks ;
Designación de volumen o secuencia 1
500 ## - NOTA GENERAL
Nota general Con grab. y cuadr. intercal., y reclam. en cartul. col.
651 #4 - PUNTO DE ACCESO ADICIONAL DE MATERIA--NOMBRE GEOGRÁFICO
Nombre geográfico España-
Subdivisión general Descripción.
9 (RLIN) 8184
830 0# - PUNTO DE ACCESO ADICIONAL DE SERIE-TÍTULO UNIFORME
Título uniforme Iberian handbooks ;
Designación de volumen o secuencia 1
9 (RLIN) 220477
852 ## - LOCALIZACIÓN
Ubicación ES-MaACL
Número de control de estantería E-3774
Sublocalización o colección R.26788
Holdings
Estatus retirado Estado de pérdida Estado de daño No para préstamo Biblioteca de origen Biblioteca actual Ubicación en estantería Fecha de adquisición Fuente de adquisición Total de préstamos Signatura topográfica completa Código de barras Visto por última vez Precio de reemplazo Tipo de ítem Koha
        Biblioteca del Ateneo de Madrid Biblioteca del Ateneo de Madrid Depósito 2 17/01/2008     E-3774 1147858 23/02/2023 23/02/2023 Libro impreso